[Event "Salon de Provence op"]
[Site "Salon de Provence"]
[Date "2023.07.11"]
[Round "6.1"]
[White "Roganova, Maxime"]
[Black "Golubka, Petr"]
[Result "0-1"]
[WhiteElo "1773"]
[BlackElo "2383"]
[PlyCount "60"]
[EventDate "2023.07.08"]
[EventType "swiss"]
[EventRounds "9"]
[EventCountry "FRA"]
[SourceTitle "EXT 2024"]
[Source "ChessBase"]
[SourceDate "2023.10.10"]
[SourceVersion "1"]
[SourceVersionDate "2023.10.10"]
[SourceQuality "1"]

1. e4 e6 2. d4 d5 3. Bd3 c5 4. exd5 exd5 5. dxc5 Bxc5 6. Nf3 Nf6 7. h3 0-0 8. 0-0 Nc6 9. a3 Ne4 10. Nbd2 Bf5 11. Nb3 Bb6 12. c3 Qf6 13. Bc2 Rad8 14. Nbd4 Bc8 15. Be3 h6 16. Qd3 Qg6 17. Ne2 Bc7 18. Kh1 Bf5 19. Nh4 Nxf2+ 20. Rxf2 Bxd3 21. Nxg6 Bxg6 22. Ba4 Ne5 23. Nf4 Be4 24. Bd4 Nc4 25. Nh5 Bb6 26. Rd1 Rd6 27. Kh2 Ne3 28. Bxe3 Bxe3 29. Re2 Bb6 30. Rxe4 dxe4 0-1